| 000 | 00642nam a22001935i 4500 | ||
|---|---|---|---|
| 001 | 164943 | ||
| 003 | ES-MaACL | ||
| 005 | 20230906213034.0 | ||
| 008 | 050905s1885 fr | |||||||| ||fre d | ||
| 040 |
_aCAM _bspa _cCAM |
||
| 080 | _a270"04/14" | ||
| 100 | 1 |
_aSchmidt, Charles. _9104467 |
|
| 245 | 1 | 0 |
_aPrécis de l'histoire de l'Eglise d'Occident pendant le Moyen Age / _cpar Charles Schmidt. |
| 260 |
_aParis : _bLibrairie Fischbacher, _c1885. |
||
| 300 |
_aXI, 452 p. ; _c25 cm. |
||
| 650 | 4 |
_aHistoria eclesiástica- _yS.VII-XV. _9139061 |
|
| 710 | 2 |
_aFischbacher, Librairie, _eed. _9134390 |
|
| 852 |
_aES-MaACL _jF-321 _z-- Enc. hol. |
||
| 999 |
_c164943 _d164943 |
||